Miami: images of a latinopolis /

Miami, ahora conocida como el "Hollywood Latinoamericano", tiene dos caras según la posición ideológica desde donde se lea. Por un lado, concentra latinos con mucho dinero y poder, por lo que es vista como un centro multicultural con infusión latina. Por el otro, la mayoría de sus habitant...

Mô tả đầy đủ

Đã lưu trong:
Chi tiết về thư mục
Tác giả chính: Yúdice, George
Định dạng: Texto
Những chủ đề:
Các nhãn: Thêm thẻ
Không có thẻ, Là người đầu tiên thẻ bản ghi này!

MARC

LEADER 00000 a a2200000 04500
001 10045
003
040
100 |a Yúdice, George  
245 |a Miami: images of a latinopolis /  |c George Yúdice 
520 |a Miami, ahora conocida como el "Hollywood Latinoamericano", tiene dos caras según la posición ideológica desde donde se lea. Por un lado, concentra latinos con mucho dinero y poder, por lo que es vista como un centro multicultural con infusión latina. Por el otro, la mayoría de sus habitantes latinos viven en condiciones inadecuadas de vida, siendo Miami el Estado más pobre de Estados Unidos, con 28 de su población bajo esta condición  
650 |a EMIGRANTES  
650 |a DESIGUALDAD ECONOMICA  
650 |a EMPOBRECIMIENTO  
650 |a ESTADOS UNIDOS  
773 |g volumen 39, número 3; páginas 35-39  
999 |c 38864  |d 38864